Alif Laila (Record no. 71437)
[ view plain ]
| 000 -LEADER | |
|---|---|
| fixed length control field | 00484nam a22001817a 4500 |
| 003 - CONTROL NUMBER IDENTIFIER | |
| control field | NUST - PNEC |
| 005 - DATE AND TIME OF LATEST TRANSACTION | |
| control field | 20170116181200.0 |
| 008 - FIXED-LENGTH DATA ELEMENTS--GENERAL INFORMATION | |
| fixed length control field | 160211b xxu||||| |||| 00| 0 eng d |
| 020 ## - INTERNATIONAL STANDARD BOOK NUMBER | |
| International Standard Book Number | 9695033970 |
| 040 ## - CATALOGING SOURCE | |
| Transcribing agency | LIBRARY |
| 082 ## - DEWEY DECIMAL CLASSIFICATION NUMBER | |
| Classification number | 891.43901 MAN |
| 100 ## - MAIN ENTRY--PERSONAL NAME | |
| 9 (RLIN) | 16366 |
| Personal name | Mansoor Ahmed |
| 245 ## - TITLE STATEMENT | |
| Title | Alif Laila |
| Statement of responsibility, etc. | Dr. Abdul Hassan Mansoor Ahmed |
| 260 ## - PUBLICATION, DISTRIBUTION, ETC. | |
| Place of publication, distribution, etc. | Lahore: |
| Name of publisher, distributor, etc. | Al-Faisal Nashran; |
| Date of publication, distribution, etc. | 2012 |
| 300 ## - PHYSICAL DESCRIPTION | |
| Extent | 1300p. |
| 650 ## - SUBJECT ADDED ENTRY--TOPICAL TERM | |
| 9 (RLIN) | 16369 |
| Topical term or geographic name entry element | Urdu Literature |
| General subdivision | General |
| 942 ## - ADDED ENTRY ELEMENTS (KOHA) | |
| Source of classification or shelving scheme | |
| Koha item type | Book |
| Withdrawn status | Lost status | Source of classification or shelving scheme | Materials specified (bound volume or other part) | Damaged status | Not for loan | Permanent Location | Current Location | Shelving location | Date acquired | Source of acquisition | Cost, normal purchase price | Total Checkouts | Full call number | Barcode | Date last seen | Date last checked out | Cost, replacement price | Price effective from | Koha item type |
|---|---|---|---|---|---|---|---|---|---|---|---|---|---|---|---|---|---|---|---|
| Hardbound | Pakistan Navy Engineering College (PNEC) | Pakistan Navy Engineering College (PNEC) | 12/14/2015 | Tawakkal Academy/Library Grant | 850.00 | 2 | 891.43901 MAN | PNECLIB-032558 | 11/29/2016 | 11/29/2016 | 850.00 | 12/14/2015 | Book |
